Państwa według całkowitej powierzchni sąsiadów - Statystyki

Ogólne statystyki
  • Ten quiz został rozwiązany 3 389 razy
  • Średni wynik to 14 z 20
Statystyki odpowiedzi
Powierzchnia w km² Państwo % Poprawnych
28 102 417 Chiny
95%
15 811 223 Rosja
92%
26 695 207 Mongolia
87%
27 830 658 Kazachstan
86%
18 459 662 Polska
84%
18 032 833 Ukraina
79%
18 144 284 Białoruś
74%
17 872 343 Finlandia
74%
17 162 805 Estonia
72%
26 795 417 Korea Północna
72%
17 683 084 Litwa
72%
17 416 373 Łotwa
72%
17 998 151 Gruzja
69%
15 184 649 Pakistan
65%
19 629 446 Azerbejdżan
64%
17 886 965 Norwegia
62%
12 912 361 Kirgistan
60%
13 205 668 Afganistan
56%
12 988 135 Boliwia
42%
13 781 714 Mjanma
40%
Nie znaleziono quizów pasujących do podanych kryteriów
Rozkład punktacji
Procent ludzi z każdym wynikiem
Percentyl według liczby udzielonych odpowiedzi
Twoja historia wyników
Nie rozwiązałeś tego quizu